| 000 | 00352nam a2200109Ia 4500 | ||
|---|---|---|---|
| 008 | 171211s9999 xx 000 0 und d | ||
| 245 | _aFavorite Food at Home: Delicious Comfort Food from Ireland's Most Famous Chef | ||
| 245 | _cRachel Allen | ||
| 260 | _c2010 | ||
| 650 | _xFamily and Friendship | ||
| 856 | _uhttp://down.ebook777.com/065/0061809276.pdf | ||
| 999 |
_c350260 _d350260 |
||